000 01354nas a2200349 c 4500
001 25221
003 ES-MaCES
005 20250327124426.0
007 cr |||||||||||
008 931202c1900 -usq| | |eng d
022 1 _a0002-9246
035 _aCES19980002013p
_z10205
040 _aES-MaCES
_bspa
_cES-MaCES
245 0 4 _aThe American journal of Economics and Sociology
260 _aNew York (East 72 Street, 41, NY 10021)
_bAmerican Journal of Economics and Sociology
300 _av.
_c23 cm
310 _a5 nos. al año
_b2001-
321 _aTrimestral
_b -2000
500 _aCerrada la suscripción de la ed. impresa, continua ed. electrónica
500 _aDescripción basada en: v. 52, no. 1 (Jan. 1993)
500 _aTít. tomado de la cub
541 _cCompra
650 4 _aciencias sociales
_927256
653 1 0 _aCiencias Sociales-Políticas
853 2 1 _avol.
_bno.
_iaño
_jmes
_vr
_wb
_ypm01,04,07,10,11
856 4 _uhttp://onlinelibrary.wiley.com/journal/10.1111/(ISSN)1536-7150/issues
_ytexto completo desde vol. 1 (1941)
_zAcceso para usuarios registrados
866 0 _a1993-2017(2018-2021)2022,2024-
_zUbicación: DEPÓSITO - 10205
_zUbicación: SALA - REV.-7.0.-2
905 _1Boletín D
_fP
_k
_nAmeJouEcoSoc
_pA
942 _2CES
_cCR
_h7.0.
999 _c25221
_d25221